Gaming Quiz

Random Gaming or Nintendo Quiz
Score 0/13 Timer 05:00
0 Plays Today
% Correct
Sonic the Hedgehog
94.1%
Shovel Knight
89.1%
Pac-man
83.9%
Bayonetta
82.4%
Bayonetta (Player 2)
82.4%
Mega Man
81.5%
Mega Man (Gold Edition)
81.5%
Cloud
79.8%
Cloud (Player 2)
79.8%
Ryu
76.5%
Plague Knight
53.8%
King Knight
49.6%
Specter Knight
47.1%
Remove Ads.
Support Sporcle.
Get the best of Sporcle when you Go Orange. This ad-free experience offers more features, more stats, and more fun while also helping to support Sporcle. Thank you for becoming a member.

You're not logged in!

Compare scores with friends on all Sporcle quizzes.
OR
Log In

Sporcle TV

Today on Sporcle TV


Watch our educational content, quiz creation guides, and fun videos on Sporcle TV.

Show Comments

Extras

Top Quizzes Today


Score Distribution

Paid Content

Your Account Isn't Verified!

In order to create a playlist on Sporcle, you need to verify the email address you used during registration. Go to your Sporcle Settings to finish the process.

Report this User

Report this user for behavior that violates our Community Guidelines.

Details: